Readings in art history : /

محفوظ في:

المؤلف الرئيسي: Spencer, Harold

التنسيق: كتاب

اللغة: Undetermined

منشور في: New York : Scribner, 1969.

الموضوعات:

الوسوم: إضافة وسم

لا توجد وسوم, كن أول من يضع وسما على هذه التسجيلة!

رقم الطلب: N5303 .S63 v.1

LEADER 00612nam a2200157Ia 4500
008 220401s9999||||xx |||||||||||||| ||und||
050 4 |a N5303 .S63 v.1 
100 1 |a Spencer, Harold 
245 1 0 |a Readings in art history :  |b  /  |c Harold Spencer. 
264 1 |a New York :  |b Scribner,  |c 1969. 
300 |a 2v. :  |b illus., music ;  |c 23cm. 
500 |a includes bibliographical references. 
650 1 4 |a Art History Addresses, essays, lectures. 
942 |2 lcc  |c BK 
952 |0 0  |1 0  |2 lcc  |3 V.1  |4 0  |6 N5303 S63 V.00001  |7 1  |9 39197  |a ARCE  |b ARCE  |d 2022-04-01  |l 0  |o N5303 .S63 v.1  |p 1001632  |r 2022-04-01 00:00:00  |w 2022-04-01  |y BK 
999 |c 46778  |d 46778